| 000 | 00963cam a2200253 4500 | ||
|---|---|---|---|
| 001 | ABS66088 | ||
| 008 | 021105n2002 000 0 eng u | ||
| 035 | _a(Sirsi) u120373 | ||
| 245 | _aLicensed and leisure property | ||
| 260 | _c2002 | ||
| 490 |
_aEstates Gazette _vSeptember 2002 (34) (LOAN) |
||
| 520 | _aA series of articles looking at the licensed and leisure property market. Covers airport hotels, Italian restaurants, high street pubs, international hotel operators, gambling operators, and hotel, pub and restaurant deals. Includes a profile of the Barracuda pub chain and an assessment of the UK leisure market since the September 11 terrorist attacks. | ||
| 590 | _aABS | ||
| 650 | _aLEISURE MARKET | ||
| 650 | _aTERRORISM | ||
| 650 | _aDEALS | ||
| 650 | _aLICENSED PROPERTY | ||
| 650 | _aHOTEL MARKET | ||
| 650 | _aPUBLIC HOUSES | ||
| 650 | _aRESTAURANTS | ||
| 650 | _aGAMBLING | ||
| 690 | _aLEISURE AND RECREATION | ||
| 942 | _n0 | ||
| 999 |
_c71525 _d71525 |
||